40 comuni più popolosi della Lombardia - Statistics

Statistiche generali
  • Questo quiz è stato fatto 148 volte
  • Il punteggio medio è 28 su 40
Statistiche sulle risposte
popolazione comune % Corretto
119.809 Bergamo
100%
197.236 Brescia
100%
1.358.420 Milano
100%
70.845 Cremona
98%
47.008 Lecco
98%
122.269 Monza
98%
83.691 Como
97%
78.807 Varese
97%
48.824 Mantova
96%
44.843 Lodi
95%
70.904 Pavia
94%
50.616 Rho
93%
83.054 Busto Arsizio
89%
79.143 Sesto San Giovanni
88%
74.714 Cinisello Balsamo
85%
33.909 Crema
78%
62.388 Vigevano
76%
53.012 Gallarate
67%
41.370 Rozzano
67%
60.118 Legnano
66%
46.667 Cologno Monzese
63%
32.492 Abbiategrasso
62%
30.793 Treviglio
59%
41.555 Desio
58%
38.507 Saronno
58%
46.479 Lissone
56%
32.142 San Donato milanese
56%
45.014 Seregno
56%
39.604 San Giuliano Milanese
55%
36.961 Segrate
54%
38.710 Voghera
50%
39.757 Cantù
49%
47.217 Paderno Dugnano
48%
36.279 Bollate
46%
34.893 Cernusco sul Naviglio
42%
36.271 Pioltello
41%
34.505 Corsico
37%
39.399 Cesano Maderno
31%
35.118 Brugherio
25%
34.910 Limbiate
25%
Nessun quiz corrispondente trovato
Distribuzione punteggi
Percentuale di utenti per punteggio
Percentile per numero di risposta
I tuoi punteggi nel tempo
Non hai fatto questo quiz